000 00291nam a2200121Ia 4500
008 190216s9999||||xx |||||||||||||| ||und||
100 _aMatt Haig
245 0 _aBusiness Essentials The Sunday Times
260 _bKogan Paper India Lilited
300 _a122
650 _aCommerce
942 _cBK
999 _c6885
_d6885